• 首页
  • 本馆介绍
  • 公告通知
  • 最新文献
  • 馆藏检索
  • 电子资源
  • 读者导购
  • 参考咨询
  • 我的图书馆
  • 登录
  • 详细信息显示
  • 放入我的书架
  • 预约/预借图书
  • 作者相关作品
  • 分类相关作品
  • 丛书相关作品
  • 出版社相关作品

书目信息

  • 表格格式
  • 工作单格式
  • 卡片格式
题名:
哲学小百科
    
 
作者: 邢贲思 主编
分册: 下册  
出版信息: 北京   中国青年出版社  1986.11
页数: 407-878页
开本: 19cm
丛书名:
单 册:
中图分类: B-61
科图分类:
主题词: 哲学--词典
电子资源:
ISBN:
000 00521nam0 2200193 45
001 0181023980
005 20051111104644.40
010    @dCNY5.50(2册)
091    @a2009.60
100    @a20810111d km y0chiy0120 ea
101 0  @achi
200 1  @a哲学小百科@AZhe Xue Xiao Bai Ke@h下册@f邢贲思主编@FXing Ben Si Zhu Bian
210    @a北京@c中国青年出版社@d1986.11
215    @a407-878页@d19cm
606 0  @a哲学@x词典
690    @aB-61
701 0  @a邢贲思@4主编
801    @aCN@bTSTC@c20051111
905    @dB-61@e14:2@f1@b166720
    
    哲学小百科.下册/邢贲思主编.-北京:中国青年出版社,1986.11
    407-878页;19cm
    
    
    ISBN :CNY5.50(2册)
    
●
相关链接 在E读中查询图书 在五车中查询图书 在当当中查询图书 在豆瓣中查询图书


正题名:哲学小百科     索取号:B-61/14:2         预约/预借

序号 登录号 条形码 馆藏地/架位号 状态 备注
1 0166716   202139408   密集书库/ [索取号:B-61/14:2] 在馆    
2 0166719   202137749   密集书库/ [索取号:B-61/14:2] 在馆    
3 0166720   001980869   密集书库/ [索取号:B-61/14:2] 在馆    
4 0166721   002047886   第一样本阅览室/ [索取号:B-61/14:2] 在馆    
唐山师范学院图书馆 欢迎您!
大连网信软件有限公司© 版权所有